000 00469nam a2200169Ia 4500
003 GCL
008 140319s9999 xx 000 0 eng d
040 _aGCL /
_cGCL
082 0 4 _a658.2
_bH S
100 1 _aHIGGINS, JAMES M.
245 1 0 _aStartegic Management: Text and Cases 5th ed. /
_cHIGGINS, JAMES M.
700 1 _aVINCZE, JULIAN W.
260 _a[S.N] :
_bTHE DRYDEN PRESS ،
_c1993
300 _a1200 P P
650 0 4 _aPLANT - MANAGEMENT
942 _2ddc
_cBK
999 _c19948
_d19948